World Capitals by Any 3 Consecutive Letters with a Map - Statistics

General Stats
  • This quiz has been taken 2,606 times
    319 since last reset
  • The average score is 130 of 196
Answers on the Map
Answers color-coded by a green-red scale on the quiz's map according to % correct below.
 
Answer Stats
Hint Capitals % Correct
United States Washington D.C.
97%
Ireland Dublin
96%
Spain Madrid
94%
Suriname Paramaribo
94%
Dominican Republic Santo Domingo
94%
Sri Lanka Sri Jayawardenepura Kotte
94%
Jamaica Kingston
93%
Mexico Mexico City
93%
France Paris
93%
Australia Canberra
92%
Guatemala Guatemala City
92%
St. Vincent and the Grenadines Kingstown
92%
Russia Moscow
92%
Yemen Sana'a
92%
San Marino San Marino
92%
Chile Santiago
92%
Brunei Bandar Seri Begawan
90%
Germany Berlin
90%
Brazil Brasília
90%
Finland Helsinki
90%
Nepal Kathmandu
90%
United Kingdom London
90%
Nicaragua Managua
90%
Vanuatu Port Vila
90%
El Salvador San Salvador
90%
Vatican City Vatican City
90%
Portugal Lisbon
89%
Haiti Port-au-Prince
89%
Benin Porto-Novo / Cotonou
89%
Costa Rica San José
89%
Bahrain Manama
88%
Norway Oslo
88%
Papua New Guinea Port Moresby
88%
China Beijing
87%
Slovakia Bratislava
87%
Republic of the Congo Brazzaville
87%
Uruguay Montevideo
87%
United Arab Emirates Abu Dhabi
86%
Denmark Copenhagen
86%
Trinidad and Tobago Port-of-Spain
86%
Argentina Buenos Aires
85%
Monaco Monaco
85%
Iceland Reykjavík
85%
Switzerland Bern
84%
Liberia Monrovia
84%
Mauritius Port Louis
84%
Netherlands Amsterdam
83%
Andorra Andorra la Vella
83%
Equatorial Guinea Ciudad de la Paz
83%
Panama Panama City
83%
New Zealand Wellington
83%
Venezuela Caracas
82%
Sweden Stockholm
82%
Jordan Amman
81%
South Africa Cape Town / Pretoria / Bloemfontein
81%
Cuba Havana
81%
Peru Lima
81%
Angola Luanda
81%
Philippines Manila
81%
India New Delhi
81%
Canada Ottawa
81%
Georgia Tbilisi
81%
Japan Tokyo
80%
Turkey Ankara
79%
Greece Athens
79%
Thailand Bangkok
79%
Belize Belmopan
79%
Belgium Brussels
79%
Mauritania Nouakchott
79%
Romania Bucharest
77%
St. Lucia Castries
77%
Malawi Lilongwe
77%
Eswatini Mbabane
77%
South Korea Seoul
77%
Lebanon Beirut
76%
Afghanistan Kabul
76%
Poland Warsaw
76%
Central African Republic Bangui
75%
Estonia Tallinn
75%
Serbia Belgrade
74%
Egypt Cairo
74%
Madagascar Antananarivo
73%
Gambia Banjul
72%
Colombia Bogotá
72%
Moldova Chișinău
72%
Syria Damascus
72%
Ukraine Kyiv
72%
Gabon Libreville
72%
Slovenia Ljubljana
72%
Albania Tirana
72%
Kazakhstan Astana
71%
Kuwait Kuwait City
71%
Morocco Rabat
71%
Grenada Saint George's
71%
Mongolia Ulaanbaatar
71%
Laos Vientiane
71%
Bangladesh Dhaka
70%
Guyana Georgetown
70%
Indonesia Jakarta
70%
North Korea Pyongyang
69%
Algeria Algiers
68%
Bolivia La Paz / Sucre
68%
Czech Republic Prague
68%
Cape Verde Praia
68%
Ecuador Quito
68%
Austria Vienna
68%
Tunisia Tunis
67%
Luxembourg Luxembourg
66%
Maldives Malé
66%
Belarus Minsk
66%
Lativa Riga
66%
Bosnia and Herzegovina Sarajevo
66%
Hungary Budapest
65%
Saudi Arabia Riyadh
65%
Singapore Singapore
64%
Eritrea Asmara
63%
Barbados Bridgetown
63%
Iran Tehran
63%
Iraq Baghdad
62%
Pakistan Islamabad
62%
Kosovo Pristina
62%
Antigua and Barbuda Saint John's
62%
Malta Valletta
62%
Nigeria Abuja
61%
Sierra Leone Freetown
61%
Bahamas Nassau
61%
Italy Rome
61%
Tajikistan Dushanbe
60%
Solomon Islands Honiara
60%
Taiwan Taipei
60%
Lithuania Vilnius
60%
Sudan Khartoum
59%
Cyprus Nicosia
59%
Bulgaria Sofia
59%
Libya Tripoli
59%
Turkmenistan Ashgabat
58%
Paraguay Asunción
58%
Liechtenstein Vaduz
58%
Guinea-Bissau Bissau
57%
Vietnam Hanoi
57%
Burundi Gitega
54%
Israel Jerusalem
54%
Kyrgyzstan Bishkek
53%
Senegal Dakar
53%
Ethiopia Addis Ababa
52%
Democratic Republic of the Congo Kinshasa
52%
Kenya Nairobi
52%
Seychelles Victoria
52%
Honduras Tegucigalpa
51%
Azerbaijan Baku
50%
Zimbabwe Harare
50%
Montenegro Podgorica
50%
Uzbekistan Tashkent
50%
Namibia Windhoek
50%
Croatia Zagreb
50%
Oman Muscat
49%
Cambodia Phnom Penh
49%
Kiribati South Tarawa
49%
Qatar Doha
48%
Malaysia Kuala Lumpur
48%
East Timor Dili
47%
North Macedonia Skopje
46%
Armenia Yerevan
46%
São Tomé and Príncipe São Tomé
45%
Somalia Mogadishu
44%
Djibouti Djibouti
43%
Uganda Kampala
41%
Chad N'Djamena
41%
Tonga Nuku'alofa
41%
Ghana Accra
39%
Tanzania Dodoma
39%
Rwanda Kigali
39%
Ivory Coast Yamoussoukro
39%
Burkina Faso Ouagadougou
38%
Mali Bamako
37%
Zambia Lusaka
37%
Myanmar Naypyidaw
37%
Bhutan Thimphu
37%
St. Kitts and Nevis Basseterre
36%
Botswana Gaborone
34%
South Sudan Juba
34%
Comoros Moroni
34%
Dominica Roseau
34%
Togo Lomé
32%
Cameroon Yaoundé
31%
Guinea Conakry
30%
Lesotho Maseru
30%
Niger Niamey
30%
Mozambique Maputo
29%
Nauru Yaren
29%
Fiji Suva
28%
Samoa Apia
26%
Palau Ngerulmud
24%
Federated States of Micronesia Palikir
23%
Tuvalu Funafuti
22%
Marshall Islands Majuro
19%
No matching quizzes found
Score Distribution
Percent of People with Each Score
Percentile by Number Answered
Your Score History
You have not taken this quiz since the last reset